000 00913nam a2200265 a 4500
003 BLK
005 20250628125755.0
008 181210b bu |||||r|||| 00| | bu d
020 _a9786191574377
040 _aBLK
041 _aBUL
_cBUL
080 _aАнглийска литература
_b821.111
_x-31
_z821.111-31
084 _aЕ 51
100 _aЕлкс, Кари
_9489119
245 _aЕсенна идилия
_bроман
_cКари Елкс; прев. Вера Паунова.
260 _9213219
_aСофия
_bИбис
_c2024
300 _a336 с.
_c20 см
380 _aX
500 _aОриг. загл.: By virtue fall / Carrie Elks
700 _9389706
_aПаунова, Вера Христова
852 _bП
_c821-31/Е 51 К
942 _n0
_cKNG
_010
944 _cКети Илиева
_k30570
_a30550
_lМоника Янева
999 _c528944
_d528944